| 000 | 00562nam a2200169 4500 | ||
|---|---|---|---|
| 008 | 151209b xxu||||| |||| 00| 0 eng d | ||
| 020 | _a0736042105 | ||
| 050 | _aGV 481 .H734 2003 | ||
| 100 |
_aHowley, Edward T. _d2003 |
||
| 245 |
_aHealth Fitness Instructor's Handbook _cEdward T. Howley, Franks B. Don |
||
| 250 | _a4th ed. | ||
| 260 |
_aUSA: _bHuman kinetics, _c2003. |
||
| 300 |
_ax, 570p.: ill. _bIncludes Index, |
||
| 650 | _aPhysical Fitness--Handbooks, Manuals | ||
| 700 | _aFranks, B. Don | ||
| 942 |
_2lcc _cBOOKS _hGV 481 .H734 2003 |
||
| 999 |
_c10707 _d10707 |
||